000 01302cam a2200349 a 4500
001 4476891
005 20150827092406.0
008 911120s1991 nyu b 010 0deng
010 _a91007739
020 _a088344769X :
035 _a(OCoLC)23143973
035 _a(OCoLC)ocm23143973
035 _a(NNC)4476891
040 _aDLC
_cDLC
_dDLC
_dNNUT
050 0 0 _aBM755.H34
_bN6 1991
090 _aBM755.H34
_bN6 1991
245 0 0 _aNo religion is an island :
_bAbraham Joshua Heschel and interreligious dialogue /
_cedited by Harold Kasimow, Byron L. Sherwin.
260 _aMaryknoll, N.Y. :
_bOrbis,
_cc1991.
300 _axxv, 205 p. ;
_c21 cm.
504 _aIncludes bibliographical references (p. 193-201).
600 1 0 _aHeschel, Abraham Joshua,
_d1907-1972.
_918910
600 1 0 _aHeschel, Abraham Joshua,
_d1907-1972
_xContributions in religious pluralism.
_918911
650 0 _aReligious pluralism
_xJudaism.
_918912
650 0 _aJudaism
_xRelations
_xChristianity
_y1945-
_918913
650 0 _aChristianity and other religions
_xJudaism
_y1945-
_918914
650 0 _aJudaism
_y20th century.
_92660
700 1 _aHeschel, Abraham Joshua,
_d1907-1972.
_918910
700 1 _aKasimow, Harold,
_d1937-
_918915
700 1 _aSherwin, Byron L.
_918916
942 _2lcc
_cREFERENCE
999 _c123136
_d123136